UBT Library

The Pressure, strain, and force handbook. (Record no. 44118)

000 -LEADER
fixed length control field 00527nam a22002055a 4500
001 - CONTROL NUMBER
control field 42818
005 - DATE AND TIME OF LATEST TRANSACTION
control field 20180306032456.0
008 - FIXED-LENGTH DATA ELEMENTS--GENERAL INFORMATION
fixed length control field 920728s1992 ctu 000 0 eng
010 ## - LIBRARY OF CONGRESS CONTROL NUMBER
LC control number 92191819
040 ## - CATALOGING SOURCE
Original cataloging agency DLC
Transcribing agency DLC
041 ## - LANGUAGE CODE
Language code of text/sound track or separate title eng
080 ## - UNIVERSAL DECIMAL CLASSIFICATION NUMBER
Universal Decimal Classification number 62 OME
082 ## - DEWEY DECIMAL CLASSIFICATION NUMBER
Classification number 62 OME
100 ## - Rafti
Rafti 27
101 ## - Shkurtesa
Shkurtesa IM
245 04 - TITLE STATEMENT
Title The Pressure, strain, and force handbook.
906 ## - LOCAL DATA ELEMENT F, LDF (RLIN)
a 7
b ibc
c orignew
d 2
e ncip
f 19
g y-gencatlg
942 ## - ADDED ENTRY ELEMENTS (KOHA)
Source of classification or shelving scheme
Item type Books
Holdings
Withdrawn status Lost status Source of classification or shelving scheme Damaged status Not for loan Collection code Permanent location Current location Shelving location Date acquired Total Checkouts Full call number Barcode Date last seen Price effective from Koha item type
          Koleksioni i përgjithshem UBT - Lipjan UBT - Lipjan Koleksioni i përgjithshem 03/06/2018   62 OME 002-3001229 03/06/2018 03/06/2018 Books
UBT Library © 2015-2024. All rights reserved University Education for Business and Technology